00571nam a2200157Ia 4500003000400000020001800004082001800022100002200040245007000062250001200132260006400144300001100208650002300219653014600242700002500388SGT a9780070659940 a620.1054bBEE aBeer, Ferdinand P aVector mechanics for engineers Statics and dynamics (In SI Units) a8th Ed. bTata McGraw Hill Education Private LimitedaNew Delhic2007 a1326p. aCIVIL ENGINEERING  aINTRODUCTION, STATICS OF PARTICLES, RIGID BODIES EQUIVALENT SYSTEMS OF FORCES, ANALYSIS OF STRUCTURES, DISTRIBUTED FORCES MOMENTS OF INERTIA  aJohnston, E. Russell